01857nam a2200289 a 4500001001000000005001700010008004100027041000800068044000700076084002100083100004500104245008700149260002600236300002200262500035400284500018800638500036100826500001001187546002501197650005201222650005601274650003401330650004501364700006001409700004801469740005001517BRCA_308420190320204114.0270109s1830----fr-a---###---#000-0dfre-u afre afr a391b.M375c18301 aCervantes Saavedra, Miguel ded1547-161610aHistoire de L´Admirable Don Quichotte de la ManchecMiguel de Cervantes Saavedra. aParísbMarlinc1830 a5 v.bil.c22 cm. aContenido : v 1. Primera parte. Retrato de Cervantes. Noticia sobre la vida de Cervantes. Prólogo del autor. Errata. Contenido de la poesia traducida por Filleau de Saint-Martin. Versos desesperados de Grisostomo. -- v 2. Texto. Segunda parte. Texto. -- v 3. Texto. -- v 4. Texto. Continuación del traductor. -- v 5. Continuación del traductor aEdición : Traduite de l´Espagnol de Michel de Cervantes par Filleau de Saint-Martin, précédée de la Vie de Michel de Cervantes et ornée de 10 subjetc déssines par Charlet aEdición similar a la anterior. La noticia sobre la vida de Cervantes está tomada de la escrita por Prosper Mérimée. El retrato de Cervantes, malo, está grabado y dibujado por Lefevre, y las láminas están grabadas sobre los dibujos de Charlet. Tanto la impresión como el papel son excelentes. Piel; lomos con filetes dorados Lúdovik Osterc aQM319 aTexto en : francés14aNovela españolayÉpoca clásica, 1500-170014aLiteratura españolayÉpoca clásica, 1500-170014aNovela españolaySiglo XVII14aDon Quijote (Personaje ficticio)eNovela1 aSaint-Martin, Francois Filleau ded1632-1685eTraductor1 aMérimée, Prosperd1803-1870eBiógrafo0 aEl Ingenioso Hidalgo Don Quijote de la Mancha